000 00530nam a22001937a 4500
003 CEME
005 20210628204135.0
008 210106b xxu||||| |||| 00| 0 eng d
020 _a9789351070153
040 _c.
082 _a004.22 NOE
100 _aNoergaard, Tammy
_917998
245 _aEmbedded systems architecture, a comprehensive guide for engineers and programmers
250 _a2ND
260 _aLONDON
_bNEWNES
_c2013
300 _aXV, 653P
650 _aEMBEDDED SYSTEMS ARCHITECTURE.
_968899
942 _cBK
_2ddc
999 _c576355
_d576355